Globálne rozvojové vzdelávanie - implementácia predmetov environmentálnej orientácie do výučby predmetov PHF EU so sídlom v Košiciach

Environmentálne vzdelávanie ako potreba reagujúca na megatrendy spoločnosti. Environmentálna výchova a vzdelávanie pre udržateľný rozvoj vysokých škôl SR. Vybrané výsledky štúdia Podnikovohospodárskej fakulty Ekonomickej univerzity v Bratislave so sídlom v Košiciach. Predmety štúdia a ich implementá...

Descrizione completa

Salvato in:
Dettagli Bibliografici
Autore principale: Andrejovský, Pavol, 1975-
Altri autori: Hajduová, Zuzana, 1974-
Natura: Capitolo di libro
Lingua:slovacco
Soggetti:
Tags: Aggiungi Tag
Nessun Tag, puoi essere il primo ad aggiungerne!!

MARC

LEADER 00000nla a2200000 4500
001 0178896
005 20240502073035.0
041 0 |a slo 
044 |a SK 
245 1 0 |a Globálne rozvojové vzdelávanie - implementácia predmetov environmentálnej orientácie do výučby predmetov PHF EU so sídlom v Košiciach  |c Pavol Andrejovský, Zuzana Hajduová 
520 |a Environmentálne vzdelávanie ako potreba reagujúca na megatrendy spoločnosti. Environmentálna výchova a vzdelávanie pre udržateľný rozvoj vysokých škôl SR. Vybrané výsledky štúdia Podnikovohospodárskej fakulty Ekonomickej univerzity v Bratislave so sídlom v Košiciach. Predmety štúdia a ich implementácia do študijných plánov PHF EU. 
610 2 0 |a vzdelávanie vysokoškolské 
610 2 0 |a univerzity 
610 2 0 |a školy vysoké 
610 2 0 |a environmentalistika 
610 2 0 |a ochrana prostredia životného 
610 2 0 |a rozvoj trvalo udržateľný 
610 2 0 |a ekonómia 
610 2 0 |a manažment 
100 1 |a Andrejovský, Pavol, 1975- 
700 1 |a Hajduová, Zuzana, 1974-